Patyala down the throat / (Record no. 38872)

MARC details
000 -LEADER
fixed length control field 00641nam a22001937a 4500
005 - DATE AND TIME OF LATEST TRANSACTION
control field 20100803111630.0
010 ## - LCCN (DPL NO)
LC control number ENG-97656
020 ## - INTERNATIONAL STANDARD BOOK NUMBER
International Standard Book Number 9788128826542
Terms of availability 100.00
035 ## - SYSTEM CONTROL NUMBER
System control number EN-81189
037 ## - SOURCE OF ACQUISITION
Source of stock number/acquisition DBAD/PUB
082 ## - DEWEY DECIMAL CLASSIFICATION NUMBER
Classification number N
100 ## - MAIN ENTRY--PERSONAL NAME
Personal name Mohata, Chandraprakash
245 ## - TITLE STATEMENT
Title Patyala down the throat /
Statement of responsibility, etc by Chandraprakash Mohata
260 ## - PUBLICATION, DISTRIBUTION, ETC. (IMPRINT)
Place of publication, distribution, etc New Delhi
Name of publisher, distributor, etc Diamond Books
Date of publication, distribution, etc 2010
270 ## - ADDRESS
Address X-30, Okhla Industrial Area, Phase -2
City New Delhi
Postal code 110020
300 ## - PHYSICAL DESCRIPTION
Extent x,213p.
Dimensions 19cm (pbk)
942 ## - ADDED ENTRY ELEMENTS (KOHA)
Source of classification or shelving scheme Dewey Decimal Classification
Item type English Books
Classification part N
Call number suffix MOH
Holdings
Withdrawn status Lost status Not for loan Collection code Home library Current library Date acquired Source of acquisition Cost, normal purchase price Full call number Barcode Copy number Cost, replacement price Koha item type
    Not For Loan Fiction D.B.Act.Division D.B.Act.Division 03/08/2010 DBAD/PUB 100.00 N MOH EN-81189 1 100.00 English Books

© Delhi Public Library
Hit Counter
free hit counter